| 000 | 00571nam a2200157Ia 4500 | ||
|---|---|---|---|
| 008 | 210716s2019 xx 000 0 und d | ||
| 020 | _a9789352138098 | ||
| 041 | _aeng | ||
| 082 | _a005.448 ARUJ | ||
| 100 | _aArundel, John;Domingus, Justin. | ||
| 245 |
_aCloud native devops with kubernetes: building deploying and scaling modern applications in the cloud. _bBuilding deploying and scaling modern applications in the cloud. |
||
| 250 | _a1 | ||
| 260 |
_aMumbai _bShroff Publishers and Distributors Pvt Ltd _c2019 |
||
| 300 | _axxiii,317 | ||
| 650 | _aCloud Computing | ||
| 999 |
_c197092 _d197092 |
||